00246nam a2200109Ia 4500008004100000100001500041245003400056260001200090650001000102942000700112999001700119190216s9999||||xx |||||||||||||| ||und|| aUmakanth R 0aHindi-Sorabne Ke Sad Sad Kamj bCjr Tes aHindi cBK c15477d15477